000 00487nam a2200193Ia 4500
003 GCL
008 140319s9999 xx 000 0 eng d
040 _aGCL /
_cGCL
082 0 4 _a616
_bM A
100 1 _aMCLATCHIE, GREG
245 1 0 _aABC OF SPORTS MEDICINE /
_cMCLATCHIE, GREG
700 1 _aHARRIES, MARK
700 1 _aWILLIAMS, CLYDE
260 _a[S.N] :
_bBMJ PUBLISHING GROUP ،
_c1995
300 _a109
650 0 4 _aMEDICINE
650 0 4 _aSPORT MEDICINE
942 _2ddc
_cBK
999 _c10923
_d10923